"Yayo" - All Lyrics (Lana Del Rey) - Statistics

General Stats
  • This quiz has been taken 21 times
  • The average score is 209 of 266
Answer Stats
Lyrics % Correct
a
100%
on
100%
On
100%
you,
100%
You
100%
you
100%
I
92%
"I
92%
me
92%
your
92%
daddy
83%
do,"
83%
do"
83%
for
83%
It
83%
Let
83%
let
83%
like
83%
Like
83%
my
83%
need
83%
Put
83%
put
83%
show
83%
the
83%
to
83%
baby
75%
black
75%
motorcycle
75%
onto
75%
take
75%
tattoo
75%
tiger
75%
Yayo,
75%
Yayo
75%
'50s
67%
blue
67%
dress
67%
From
67%
hours
67%
Nevada
67%
only
67%
snake
67%
this
67%
two
67%
wear
67%
yeah,
67%
yes,
67%
and
58%
dark
58%
have
58%
Hello,
58%
ink
58%
life
58%
mama
58%
now
58%
now,
58%
oh
58%
sparkle,
58%
takes
58%
when
58%
Ah,
50%
ah,
50%
are
50%
call
50%
doll
50%
heaven,
50%
night
50%
right
50%
druggie,
42%
ivy
42%
park
42%
trailer
42%
with
42%
hold
33%
how
33%
lights
33%
told
33%
yellow
33%
tunnel
25%
lined
8%
No matching quizzes found
Score Distribution
Percent of People with Each Score
Percentile by Number Answered
Your Score History
You have not taken this quiz